Statistics for Kpop Analogies

Click here to take the quiz!

General Stats

  • This quiz has been taken 867 times
  • The average score is 11 of 22

Answer Stats

HintAnswer% Correct
Jackson is to Hong Kong as Bam Bam is to ________Thailand
89%
SM is to EXO as ___ is to Got7JYP
84%
BTS is to Bangtan Boys as ____ is to Girl's GenerationSNSD
82%
Nine is to Twice as ________ is to SeventeenThirteen
78%
Mark is to Got7 as ___ is to BTSJin
76%
Jungkook is to BTS as _____ is to EXOSehun
76%
Chorong is to APink as _____ is to Red VelvetIrene
64%
Kim Nam Joon is to Rap Monster as ___________ is to KaiKim Jong In
64%
Like OOH-AHH is to Twice as _________________ is to Got7Girls Girls Girls
57%
The Baddest Female is to 2NE1 as Crooked is to ________Big Bang
55%
Park is to Jimin as ____ is to YoungjaeChoi
49%
Uri Saranghaji Marayo is to Let's Not Fall in Love as Eureurang is to _____Growl
47%
Fantastic Baby is to Big Bang as ___________ is to Girl's GenerationI Got a Boy
44%
Rap Monster is to English as V is to ________Japanese
44%
Dahyun is to Stop Stop It as ____ is to ASana
37%
Dear Santa is to Girl's Generation as _______________ is to Got7Confession Song
30%
J-Hope is to Nascar driver as Jin is to ______Doctor
28%
Sailor Moon is to Sana as Gone With the Wind is to _____Tzuyu
28%
Minzy is to 2NE1 as _______ is to Girl's GenerationJessica
25%
CL is to Daddy as ______ is to Shake that BrassTaeyeon
25%
Suga is to Chucky as V is to _____Joker
20%
Fire is to Young Forever as If You Do is to ___MAD
11%

Score Distribution

Percentile by Number Answered

Percent of People with Each Score

Your Score History

You have not taken this quiz